فعالية برنامج مقترح فى تنمية المهارات العملية بعلم الأحياء لدى أطفال الرياض / (Record no. 39047)

MARC details
000 -LEADER
fixed length control field 02600cam a2200337 a 4500
003 - CONTROL NUMBER IDENTIFIER
control field EG-GiCUC
005 - DATE AND TIME OF LATEST TRANSACTION
control field 20250223030639.0
008 - FIXED-LENGTH DATA ELEMENTS--GENERAL INFORMATION
fixed length control field 120722s2012 ua h f m 000 0 ara d
040 ## - CATALOGING SOURCE
Original cataloging agency EG-GiCUC
Language of cataloging ara
Transcribing agency EG-GiCUC
041 0# - LANGUAGE CODE
Language code of text/sound track or separate title ara
049 ## - LOCAL HOLDINGS (OCLC)
Holding library ايداع
097 ## - Thesis Degree
Thesis Level دكتوراه
099 ## - LOCAL FREE-TEXT CALL NUMBER (OCLC)
Classification number Cai01.23.05.Ph.D.2012.جى.ف
100 0# - MAIN ENTRY--PERSONAL NAME
Personal name جيهان عبدالعظيم السيد خليل
245 10 - TITLE STATEMENT
Title فعالية برنامج مقترح فى تنمية المهارات العملية بعلم الأحياء لدى أطفال الرياض /
Statement of responsibility, etc. جيهان عبدالعظيم السيد خليل ؛ اشراف ليلى أحمد السيد كرم الدين : سميرة السيد عبدالعال
246 15 - VARYING FORM OF TITLE
Title proper/short title The effectiveness of a proposed program in the development of practical skills in biology for kindergarten
260 ## - PUBLICATION, DISTRIBUTION, ETC.
Place of publication, distribution, etc. القاهرة :
Name of publisher, distributor, etc. جيهان عبدالعظيم السيد خليل :
Date of publication, distribution, etc. 2012
300 ## - PHYSICAL DESCRIPTION
Extent 426ص :
Other physical details ميثليات ؛
Dimensions 25سم
502 ## - DISSERTATION NOTE
Dissertation note اطروحة (دكتوراه) - جامعة القاهرة - معهد الدراسات التربوية - قسم رياض الأطفال وتعليم الإبتدائى
520 ## - SUMMARY, ETC.
Summary, etc. يهدف هذا البحث الى بيان فعالية برنامج مقترح فى تنمية المهارات العملية بعلم الإحياء لدى أطفال الرياض مقدما بذلك برنامجا يحتوى على ثلاث وحدات (الانسان - الحيوان - النبات) وتضمنت سته عشر نشاطا عمليا يمارس فيها الطفل المهارات العملية الأزمة لدراسة الكائنات الحيه فى بيناتها الطبيعية بما فى ذلك جسده كالحصول على عينات منها وعمل الملاحظات وتسجيل بيانات وكذلك رسمها وقياس أجزاء منها والتجريب العلمى معها وتوصيل ما تعلمه عنها للأخرين سواء بالاتصال الشفهى أو بالأشكال المرئية كعمل الجرائد التعليمية والرسوم البيانية وعن طريق تصميم ملصق لها
530 ## - ADDITIONAL PHYSICAL FORM AVAILABLE NOTE
Additional physical form available note صدر ايضا كقرص مدمج
653 #4 - INDEX TERM--UNCONTROLLED
Uncontrolled term أطفال الرياض
653 #4 - INDEX TERM--UNCONTROLLED
Uncontrolled term المهارات العملية
653 #4 - INDEX TERM--UNCONTROLLED
Uncontrolled term علم الأحياء
700 0# - ADDED ENTRY--PERSONAL NAME
Personal name سميرة السيد عبدالعال :
Relator term
700 0# - ADDED ENTRY--PERSONAL NAME
Personal name ليلى احمد السيد كرم الدين :
Relator term
856 ## - ELECTRONIC LOCATION AND ACCESS
Uniform Resource Identifier <a href="http://172.23.153.220/th.pdf">http://172.23.153.220/th.pdf</a>
905 ## - LOCAL DATA ELEMENT E, LDE (RLIN)
Cataloger Nazla
Reviser Revisor
905 ## - LOCAL DATA ELEMENT E, LDE (RLIN)
Cataloger Soheir
Reviser Cataloger
942 ## - ADDED ENTRY ELEMENTS (KOHA)
Source of classification or shelving scheme Dewey Decimal Classification
Koha item type Thesis
Holdings
Source of classification or shelving scheme Not for loan Home library Current library Date acquired Full call number Barcode Date last seen Koha item type Copy number
Dewey Decimal Classification   المكتبة المركزبة الجديدة - جامعة القاهرة قاعة الرسائل الجامعية - الدور الاول 11.02.2024 Cai01.23.05.Ph.D.2012.جى.ف 01010100017195000 22.09.2023 Thesis  
Dewey Decimal Classification   المكتبة المركزبة الجديدة - جامعة القاهرة مخـــزن الرســائل الجـــامعية - البدروم 11.02.2024 Cai01.23.05.Ph.D.2012.جى.ف 01020100017195000 22.09.2023 CD - Rom 17195.CD
Cairo University Libraries Portal Implemented & Customized by: Eng. M. Mohamady Contacts: new-lib@cl.cu.edu.eg | cnul@cl.cu.edu.eg
CUCL logo CNUL logo
© All rights reserved — Cairo University Libraries
CUCL logo
Implemented & Customized by: Eng. M. Mohamady Contact: new-lib@cl.cu.edu.eg © All rights reserved — New Central Library
CNUL logo
Implemented & Customized by: Eng. M. Mohamady Contact: cnul@cl.cu.edu.eg © All rights reserved — Cairo National University Library